Deutschland - Statistiken

Allgemein
  • Dieses Quiz wurde 410 mal gespielt
  • Das Durchschnittsergebnis liegt bei 9 aus 10
Antwortstatistiken
Frage Antwort % Korrekt
Wie viele Bundesländer hat Deutschland ? 16
100%
Wie heißt die Hauptstadt Deutschlands ? Berlin
100%
Welche Meere grenzen an Deutschland ? Nordsee und Ostsee
100%
Wie viele Einwohner hat Deutschland ? ( Stand: Ende 2020 ) 83,24 Millionen
93%
Welches ist das größte Bundesland Deutschlands ? ( Von der Fläche her ) Bayern
93%
Welcher ist der beliebteste Nachname in Deutschland ? Müller
93%
Wie groß ist Deutschland ? ( in km2 ) 357,386
79%
Welches ist das kleinste Bundesland Deutschlands ? ( Von der Fläche her ) Bremen
79%
Wie viele Nachbarländer hat Deutschland ? 9
71%
Wie oft wird dieser Nachname in Deutschland getragen ? 700.000 mal
43%
Keine übereinstimmenden Quizze gefunden
Verteilung der Resultate
Anzahl Personen mit jedem Resultat
Perzentil nach korrekt beantworteten Fragen
Ihre Resultats-Entwicklung
Sie haben dieses Quiz noch nicht gespielt